| 000 | 00346nam a2200133Ia 4500 | ||
|---|---|---|---|
| 005 | 20251222141804.0 | ||
| 008 | 251222s9999||||xx |||||||||||||| ||spa|| | ||
| 020 | _a978-607-438-417-8 | ||
| 082 | _a658.404/T74 | ||
| 100 | _aTorres Hernández, Zacarías | ||
| 245 | 0 | _aAdministración de Proyectos | |
| 264 | _bGrupo Editorial Patria | ||
| 942 | _cLIB | ||
| 999 |
_c6234 _d6234 |
||